Conservation science (Record no. 56707)
[ view plain ]
| 000 -LEADER | |
|---|---|
| fixed length control field | 01346nam a2200349 a 4500 |
| 245 00 - TITLE STATEMENT | |
| Title | Conservation science |
| 260 ## - PUBLICATION, DISTRIBUTION, ETC. (IMPRINT) | |
| Place of publication | Cambridge, U.K. : |
| Name of publisher | RSC Pub., |
| Year of publication | c2006. |
| 300 ## - PHYSICAL DESCRIPTION | |
| Number of Pages | xiii, 376 p. : |
| Other physical details | ill. (some col.) |
| 650 #0 - SUBJECT ADDED ENTRY--TOPICAL TERM | |
| Topical Term | Museum conservation methods. |
| Topical Term | Art objects |
| Topical Term | Antiques |
| Topical Term | Historic preservation. |
| 700 1# - ADDED ENTRY--PERSONAL NAME | |
| Personal name | May, Eric. |
| Personal name | Jones, Mark. |
| 856 40 - ELECTRONIC LOCATION AND ACCESS | |
| Uniform Resource Identifier | http://site.ebrary.com/lib/rucke/Doc?id=10621188 |
No items available.
